How Tp Reduce Costs And Improve Cash Flow In Business / (Record no. 9532)

MARC details
000 -LEADER
fixed length control field 00676nac a22002051u 4500
020 ## - INTERNATIONAL STANDARD BOOK NUMBER
International Standard Book Number 81224292
082 ## - DEWEY DECIMAL CLASSIFICATION NUMBER
Classification number 658.15244
Item number DAV
090 ## - LOCALLY ASSIGNED LC-TYPE CALL NUMBER (OCLC); LOCAL CALL NUMBER (OCLC)
-- 9532
-- 9532
100 ## - MAIN ENTRY--PERSONAL NAME
Personal name Davidson, Jeffrey P.
245 ## - TITLE STATEMENT
Title How Tp Reduce Costs And Improve Cash Flow In Business /
Statement of responsibility, etc Jeffrey P. Davidson, Charles E. Dean.
260 ## - PUBLICATION, DISTRIBUTION, ETC. (IMPRINT)
Place of publication, distribution, etc Mumbai :
Name of publisher, distributor, etc Jaico Publishing House,c.1993.
Date of publication, distribution, etc c.1993.
300 ## - PHYSICAL DESCRIPTION
Extent 208;
Dimensions 20cm.
500 ## - GENERAL NOTE
General note Distributer: Al-Ahram.
504 ## - BIBLIOGRAPHY, ETC. NOTE
Bibliography, etc Includes Indexes.
511 ## - PARTICIPANT OR PERFORMER NOTE
Participant or performer note Catalogued By: Mahitab.
650 ## - SUBJECT ADDED ENTRY--TOPICAL TERM
Topical term or geographic name as entry element Cash Management.
650 ## - SUBJECT ADDED ENTRY--TOPICAL TERM
Topical term or geographic name as entry element Investment Analysis.
700 ## - ADDED ENTRY--PERSONAL NAME
Personal name Dean, Charles W.
942 ## - ADDED ENTRY ELEMENTS (KOHA)
Item type Book - Borrowing
Call number prefix 658.15244DAV
Holdings
Withdrawn status Item status Damaged status Not for loan Home library Current library Shelving location Date acquired Source of acquisition Total Checkouts Full call number Barcode Date last seen Cost, replacement price Koha item type
        Central Library Central Library First floor 20/05/2008 Purchase   658.15244DAV 000011399 15/07/2025 38.00 Book - Borrowing